Príbeh spod litmanovskej hory 2 Vraj nemám mamu

Bibliographic Details
Main Author: Tančáková, Monika, 1950- (Author)
Other Authors: Havrilová, Ružena (Photographer), Tančák, Márius (Photographer)
Format: Book
Language:Slovak
PhysicalDescription:110 s. Fotogr. 21 cm
Published: Liptovský Mikuláš JANEVA OS DMF 1995
ISBN:808868207X
Subjects:

MARC

LEADER 00000nam a2200000 a 4500
001 vtls001059173
003 SK-MaSNL
005 20260301110650.0
008 240314s1995 xo r 0000yyslo
015 |a SNBA1995/0902560 
020 |a 808868207X 
035 |a SNK000001991 
040 |a SNK  |b slo  |c SNK  |e AACR2 
041 0 |a slo 
044 |a xo  |c SK 
080 |a 885.4-3+885.4-1  |2 1981 
080 |a 885.4-1  |2 1981 
080 |a 244  |2 1981 
100 1 |a Tančáková, Monika,  |d 1950-  |4 aut  |9 114432 
245 1 0 |a Príbeh spod litmanovskej hory  |n 2  |p Vraj nemám mamu  |c Monika Tančáková 
246 3 0 |a Vraj nemám mamu 
260 |a Liptovský Mikuláš  |b JANEVA OS DMF  |c 1995 
300 |a 110 s.  |b Fotogr.  |c 21 cm 
500 |a Fotogr. Ružena Havrilová, Márius Tančák 
655 7 |a slovenská poézia  |2 SNKPH  |9 70444 
655 7 |a slovenské prózy  |2 SNKPH  |9 70229 
700 1 |a Havrilová, Ružena  |4 pht  |9 60476 
700 1 |a Tančák, Márius  |4 pht  |9 449097 
852 |a Slovenská národná knižnica 
919 |a 80-88682-07-X 
958 |a TL 
958 |a LX 
999 |c 703783  |d 705713 
952 |t P60, <09>, [BOOK], {629}  |a SNK  |b SNK  |y NEVYP  |7 0  |o snkC 1505  |i snk2926/950912  |0 0  |1 0  |4 0  |d 1995-09-11  |l 0  |r 2004-12-31 00:00:00  |w 2026-02-23 
952 |t P60, <03>, [BOOK], {603}  |a SNK  |b SNK  |y PREZ  |7 0  |o snkSC 85677/2  |i snkKSP 8059/95  |0 0  |1 0  |4 0  |d 1995-09-11  |l 0  |r 2004-12-31 00:00:00  |w 2026-02-23 
952 |t P60, <04>, [BOOK], {604}  |a SNK  |b SNK  |y VYP  |7 0  |p 17A0003050  |o snkSC 85677/2 D1  |i snkKSP 8060/95  |0 0  |1 0  |4 0  |d 1995-09-11  |l 0  |r 2004-12-31 00:00:00  |w 2026-02-23 
952 |a SNK  |b SNK  |y PREZ  |7 0  |p 17A0995645  |o snkSC 85677/2   |0 0  |1 0  |4 0  |d 2012-08-15  |l 0  |r 2026-02-23 21:06:59  |w 2026-02-23